Southville International School and Colleges
Your cart is empty.
  • Cart
  • Lists
    Public lists Eva Luna New books Lux_list list_1
    Your lists Log in to create your own lists
  • Log in to your account
  • Your cookies
  • Search history
Southville International School and Colleges
  • Advanced search
  • Recent comments
  • Most popular
  • Libraries

Log in to your account

Log in with GOOGLE


If you do not have an external account, but do have a local account, you can still log in:

  1. Home
  2. MARC view: Business analysis and valuation :
Normal view MARC view ISBD view

Business analysis and valuation : (Record no. 22992)

[ view plain ]
MARC details
000 -LEADER
fixed length control field 00734nam a2200241 a 4500
005 - DATE AND TIME OF LATEST TRANSACTION
control field 20140310183437.0
008 - FIXED-LENGTH DATA ELEMENTS--GENERAL INFORMATION
fixed length control field 080206s19uu xx 00 eng d
020 ## - INTERNATIONAL STANDARD BOOK NUMBER
International Standard Book Number 9781844804924
050 ## - LIBRARY OF CONGRESS CALL NUMBER
Classification number HF 5681.V3
Item number .P156 2007
100 ## - MAIN ENTRY--PERSONAL NAME
Personal name Palepu, Krishna G.
245 ## - TITLE STATEMENT
Title Business analysis and valuation :
Remainder of title text and cases /
Statement of responsibility, etc Krishna G. Palepu
260 ## - PUBLICATION, DISTRIBUTION, ETC. (IMPRINT)
Place of publication, distribution, etc Australia :
Name of publisher, distributor, etc Thomson,
Date of publication, distribution, etc 2007.
300 ## - PHYSICAL DESCRIPTION
Extent 788 p. :
Other physical details col. ill. ;
Dimensions 26 cm.
521 ## - TARGET AUDIENCE NOTE
Target audience note
650 ## - SUBJECT ADDED ENTRY--TOPICAL TERM
Topical term or geographic name as entry element Business enterprises
General subdivision Valuation.
650 ## - SUBJECT ADDED ENTRY--TOPICAL TERM
Topical term or geographic name as entry element Financial statements.
650 ## - SUBJECT ADDED ENTRY--TOPICAL TERM
Topical term or geographic name as entry element Business enterprises
General subdivision Valuation
-- Case studies.
700 ## - ADDED ENTRY--PERSONAL NAME
Personal name Healy, Paul M.
700 ## - ADDED ENTRY--PERSONAL NAME
Personal name Bernard, Victor L.
700 ## - ADDED ENTRY--PERSONAL NAME
Personal name Peek, Erik
942 ## - ADDED ENTRY ELEMENTS (KOHA)
Koha item type Books
Source of classification or shelving scheme Library of Congress Classification
Call number prefix Foreign
Holdings
Withdrawn status Lost status Source of classification or shelving scheme Damaged status Home library Current library Shelving location Date acquired Source of acquisition Cost, normal purchase price Total Checkouts Full call number Barcode Date last seen Copy number Price effective from Koha item type
    Library of Congress Classification   College Library College Library General Circulation Section 02/06/2008 Donation 5520.00   HF 5681.V3 .P156 2007 C9259 05/15/2018 1 10/18/2013 Books

Business analysis and valuation :

APA

Palepu K. G., Healy P. M., Bernard V. L. & Peek E. (2007). Business analysis and valuation. Australia: Thomson.

Chicago

Palepu Krishna G, Healy Paul M, Bernard Victor L and Peek Erik. 2007. Business analysis and valuation. Australia: Thomson.

Harvard

Palepu K. G., Healy P. M., Bernard V. L. and Peek E. (2007). Business analysis and valuation. Australia: Thomson.

MLA

Palepu Krishna G, Healy Paul M, Bernard Victor L and Peek Erik. Business analysis and valuation. Australia: Thomson. 2007.

  • Place hold
  • Print
  • Cite
  • Add to your cart (remove)
  • Save record
    BIBTEX Dublin Core MARCXML MARC (non-Unicode/MARC-8) MARC (Unicode/UTF-8) MARC (Unicode/UTF-8, Standard) MODS (XML) RIS
  • More searches
    Search for this title in:
    Other Libraries (WorldCat) Other Databases (Google Scholar) Online Stores (Bookfinder.com) Open Library (openlibrary.org)

Exporting to Dublin Core...

SOUTHVILLE LIBRARY

Southville International School and Colleges Library

1281 Tropical Ave. Cor. Luxembourg St., BF Homes International, Las Pinas City

Tel. No. 8256374 / 252358 Loc. 117/146

Powered by Koha